Методика идентификации внутреннеприсущих признаков материала для задач системы учета и контроля ядерных материалов; Современные техника и технологии; Т. 1

Bibliographic Details
Parent link:Современные техника и технологии: сборник трудов XVIII международной научно-практической конференции студентов, аспирантов и молодых ученых, Томск, 9-13 апреля 2012 г/ Национальный исследовательский Томский политехнический университет (ТПУ).— , 2012
Т. 1.— 2012.— [С. 247-248]
Main Author: Седнев Д. А. Дмитрий Андреевич
Other Authors: Демянюк Д. Г. Дмитрий Георгиевич (научный руководитель), Кренинг Х.-М.
Summary:Заглавие с титульного листа
Language:Russian
Published: 2012
Series:Секция 2. Приборостроение
Subjects:
Online Access:http://www.lib.tpu.ru/fulltext/v/Conferences/2012/C2/V1/v1_121.pdf
Format: Electronic Book Chapter
KOHA link:https://koha.lib.tpu.ru/cgi-bin/koha/opac-detail.pl?biblionumber=222152

MARC

LEADER 00000naa2a2200000 4500
001 222152
005 20260213164128.0
035 |a (RuTPU)RU\TPU\book\242336 
035 |a RU\TPU\book\242334 
090 |a 222152 
100 |a 20120919d2012 k y0rusy50 ca 
101 0 |a rus 
102 |a RU 
135 |a drnn ---uucaa 
181 0 |a i  
182 0 |a b 
200 1 |a Методика идентификации внутреннеприсущих признаков материала для задач системы учета и контроля ядерных материалов  |f Д. А. Седнев  |g науч. рук. Д. Г. Демянюк ; науч. рук. Х.-М. Кренинг 
203 |a Текст  |c электронный 
215 |a 1 файл (722 Кб) 
225 1 |a Секция 2. Приборостроение 
300 |a Заглавие с титульного листа 
320 |a [Библиогр.: с. 248 (4 назв.)] 
337 |a Adobe Reader 
461 1 |0 (RuTPU)RU\TPU\book\240890  |t Современные техника и технологии  |o сборник трудов XVIII международной научно-практической конференции студентов, аспирантов и молодых ученых, Томск, 9-13 апреля 2012 г  |o в 3 т.  |f Национальный исследовательский Томский политехнический университет (ТПУ)  |d 2012 
463 1 |0 (RuTPU)RU\TPU\book\240891  |t Т. 1  |v [С. 247-248]  |d 2012 
610 1 |a труды учёных ТПУ 
610 1 |a электронный ресурс 
610 1 |a системы контроля 
610 1 |a учет 
610 1 |a ядерные материалы 
610 1 |a идентификация 
610 1 |a признаки 
610 1 |a сохранность 
610 1 |a ядерная энергетика 
610 1 |a несанкционированный доступ 
700 1 |a Седнев  |b Д. А.  |c специалист в области неразрушающего контроля  |c техник Томского политехнического университета  |f 1989-  |g Дмитрий Андреевич  |3 (RuTPU)RU\TPU\pers\28045 
702 1 |a Демянюк  |b Д. Г.  |c специалист в области физико-энергетических установок  |c доцент Томского политехнического университета, кандидат технических наук  |f 1976-  |g Дмитрий Георгиевич  |4 727 
702 1 |a Кренинг  |b Х.-М.  |4 727 
801 2 |a RU  |b 63413507  |c 20130205  |g RCR 
856 4 |u http://www.lib.tpu.ru/fulltext/v/Conferences/2012/C2/V1/v1_121.pdf 
942 |c CF